The microbiological safety and quality of food
Zapisane w:
| 1. autor: | |
|---|---|
| Format: | Książka |
| Język: | Undetermined |
| Wydane: |
Gaithersburg, Maryland
Aspen
2000
|
| Hasła przedmiotowe: | |
| Etykiety: |
Dodaj etykietę
Nie ma etykietki, Dołącz pierwszą etykiete!
|
| Thư viện lưu trữ: | Trung tâm Học liệu Trường Đại học Cần Thơ |
|---|
| LEADER | 00546nam a2200169Ia 4500 | ||
|---|---|---|---|
| 001 | CTU_50488 | ||
| 008 | 210402s9999 xx 000 0 und d | ||
| 082 | |a 664.001579 | ||
| 082 | |b M626/Vol.1 | ||
| 100 | |a BARBARA M. LUND | ||
| 245 | 4 | |a The microbiological safety and quality of food | |
| 245 | 0 | |c BARBARA M. LUND, GRAHAME W. GOULD, TONY C. BAIRD-PARKER | |
| 260 | |a Gaithersburg, Maryland | ||
| 260 | |b Aspen | ||
| 260 | |c 2000 | ||
| 650 | |a food - microbiology,food - safety measures | ||
| 980 | |a Trung tâm Học liệu Trường Đại học Cần Thơ | ||